00318nam a22001337a 4500003000400000020001800004082001700022100002200039245003100061250001200092260005300104300000800157650001900165SGT a9788181914514 a617.63bT16S aShivhare, Peeyush aTextbook of Oral Radiology a1st Ed. aHyderabad, IndiabParas Medical Publishersc2016 a244 aOral Radiology